30 Facts That Start with 'S' Quiz Stats

 Plays Quiz Updated Apr 1, 2016

Also try: Trivia Path
Challenge
Share
Tweet
Embed
Score 0/30 Timer 05:00
72 Plays Today
Question Answer % Correct
Which cartoon character lives in an underwater pineapple in Bikini Bottom?SpongeBob SquarePants
95.5%
'Galaxy' is a series of mobile phones made by what Korean electronics company?Samsung
92.4%
The 184 meter tall Space Needle is a feature of what U.S. city?Seattle
90%
What Apple web browser is also a Swahili word for an African wildlife trip?Safari
89%
The name of a famous Disney character, what is the Swahili word for 'lion'?Simba
87.5%
Bert, Ernie, Elmo and Big Bird are characters in what long-running children's TV series?Sesame Street
86.7%
Who was leader of the Soviet Union throughout World War II?Stalin (Joseph)
85.4%
Rocky Balboa and John Rambo are famous film roles by which actor?Stallone (Sylvester)
80%
Which Vatican chapel's ceiling was famously painted by Michelangelo?Sistine Chapel
75.3%
Which U.S. singer/songwriter is nicknamed 'The Boss'?Springsteen (Bruce)
74.4%
What surname is shared by a child-care expert and a 'Star Trek' character?Spock
73.2%
In terms of population, what is the largest city in China?Shanghai
70.8%
During Prohibition, what name was given to establishments that illegally sold alcohol?Speakeasy
69.8%
What is the name of the championship trophy awarded to the NHL playoff winner?Stanley Cup
67.6%
Saul Hudson, 'Guns N' Roses' lead guitarist from 1985 to 1996 was known by what nickname?Slash
67.5%
Question Answer % Correct
'Basking', 'Mako' and 'Thresher' are all types of what animal?Shark
67.2%
Which Colombian singer began dating Spanish soccer star Gerard Piqué in 2010?Shakira
64.3%
In 1796, Edward Jenner developed the first successful vaccine against what disease?Smallpox
63.5%
What U.S. TV series starred Tom Welling as a young Clark Kent?Smallville
63%
'Franny and Zooey' and 'The Catcher in the Rye' were written by which author?Salinger (J.D.)
61.9%
Which actress plays Bella Swan in the 'Twilight' film series?Stewart (Kristen)
61.8%
Daniel Ek co-founded what music streaming service in 2006?Spotify
59.7%
What is the medical name for the shoulder blade?Scapula
59.5%
Obtained from the crocus flower, what is the most expensive spice in the world?Saffron
58.8%
Which gladiator led a slave uprising against the Roman Republic in 73 B.C?Spartacus
51.1%
Which Russian tennis player completed a career Grand Slam with her victory in the 2012 French Open?Sharapova (Maria)
47.2%
Victoria is the capital of what Indian Ocean island group?Seychelles
43.3%
'In The Zone', 'Circus' and 'Femme Fatale' are albums by which pop star?Spears (Britney)
37.8%
Guru Nanak was the founder of what religion?Sikhism
27%
A lion holding a sword appears on the flag of what country?Sri Lanka
25.3%

You're not logged in!

Compare scores with friends on all Sporcle quizzes.
Join for Free
OR
Log In

You Might Also Like...

Show Comments

Extras

Top Quizzes Today


Score Distribution

Your Account Isn't Verified!

In order to create a playlist on Sporcle, you need to verify the email address you used during registration. Go to your Sporcle Settings to finish the process.

Report this User

Report this user for behavior that violates our Community Guidelines.

Details: